| 000 | 00000nas 2200000za 4500 |
| 001 | 9.813997 |
| 003 | CaOODSP |
| 005 | 20221107141656 |
| 007 | cr ||||||||||| |
| 008 | 160330d19461948onc x m oss f000#a0eng|d |
| 040 | |aCaOODSP|beng |
| 043 | |an-cn--- |
| 086 | 1 |aCS3-3E-PDF |
| 130 | 0 |aVital statistics analytical report. |
| 245 | 10|aVital statistics analytical report |h[electronic resource]. |
| 260 | |a[Ottawa] : |bDominion Bureau of Statistics, |c1946?-1948? |
| 310 | |aIrregular |
| 500 | |aIssued also in French under title: Statistiques vitales, rapport analytique. |
| 546 | |aSome issues with English and French text; some issues with text in English or French only. |
| 692 | 07|2gccst|aVital statistics |
| 710 | 1 |aCanada. |bDominion Bureau of Statistics. |
| 775 | 08|tStatistiques vitales, rapport analytique |w(CaOODSP)9.849518 |